Corrupcin̤ y delito aspectos de derecho penal espaǫl y desde la perspectiva comparada /

Detalles Bibliográficos
Autor principal: Garrocho Salcedo, Ana M.
Formato: eBook
Lenguaje:español
Publicado: Madrid: Dykinson, 2017
Materias:
Acceso en línea:Acceso restringido

MARC

LEADER 00000nam a22000007a 4500
005 20180403214413.0
007 cr|||| |||
008 180403s2017 es |||||s|||| 00||0 spa d
020 |a 978-84-9148-443-1 
035 |a 21311 
040 |a vLex 
090 |c 7653  |d 7653 
100 1 |a Garrocho Salcedo, Ana M. 
245 1 0 |a Corrupcin̤ y delito  |h [Recurso electrn̤ico] :  |b aspectos de derecho penal espaǫl y desde la perspectiva comparada /  |c Ana M. Garrocho Salcedo 
256 |a Servicio en ln̕ea 
260 |a Madrid:  |b Dykinson,  |c 2017 
300 |a 1 recurso electrn̤ico 
500 |a Esta monografa̕ aborda la corrupcin̤ desde la dimensin̤ global que presenta este fenm̤eno y la necesidad, en consecuencia, de adoptar al respecto una perspectiva multidisciplinar. As,̕ por una parte, se tratan las implicaciones penales de la corrupcin̤ en delitos como el urbans̕tico. Por otra, se desgaja el fenm̤eno de la corrupcin̤ conjugando anl̀isis estrictamente tčnicojurd̕icos con perspectivas de polt̕ica criminal. Se trata, en definitiva, de enfrentarse al problema de la prevencin̤ y sancin̤ de la corrupcin̤ desde una perspectiva integral como n︢ica forma de comprensin̤ de la globalidad del fenm̤eno. Globalidad que se manifiesta tambiň en la dimensin̤ territorial del problema. Ello encuentra reflejo en el estudio del delito de corrupcin̤ en las operaciones comerciales internacionales, as ̕como en el anl̀isis comparado de los distintos delitos de corrupcin̤ tanto pb︢lica como privada en diferentes ordenamientos, como el italiano o el noruego. 
506 1 |a Disponible solo en los productos indicados  |d vLex Global  |d vLex Global (Academic Edition, excluding Law Schools)  |d vLex Global (U.S. Academic Edition, Law Schools)  |d vLex Global (U.S. Academic Edition, excluding Law Schools)  |d vLex Global (Academic Edition, Law Schools) 
650 0 4 |a Derecho Penal  |z Espaą 
740 0 |a vLex Libros (Servicio en ln̕ea) 
856 4 0 |u http://vlex.com/source/corrupcion-y-delito-aspectos-de-derecho-penal-espa-ol-y-desde-la-perspectiva-comparada-21311  |z Acceso restringido 
942 |c BOOK 
999 0 |a Criminal law